Name one city that... # 9 - Statistics

General Stats
  • This quiz has been taken 72 times
  • The average score is 15 of 20
Answer Stats
Name one city that... City % Correct
Has hosted the Super Bowl and the World Expo at least once New Orleans | New York City | San Francisco
97%
Is one of the 2 holiest cities in Islam Mecca | Medina
93%
Is an African capital city on the Mediterranean Algiers | Tripoli | Tunis
91%
Is a US state capital and has hosted the Olympic Games Atlanta | Salt Lake City
91%
Is part of the top 3 cities in Africa by GDP Cairo | Cape Town | Johannesburg
91%
Was a stop in the expected route of the Titanic Cherbourg | New York City | Southampton | Queenstown
85%
Is a capital city whose English name contains the word 'port'. Port-au-Prince | Port Louis | Port Moresby | Porto-Novo | Port of Spain | Port Vila
85%
Was the capital city of an Iberian kingdom in 1492, excluding the kingdoms of Castile and Aragon Granada | Lisbon | Pamplona
82%
Has the headquarters of the 5 biggest banks that are not from China, the US or Japan London | Montrouge | Paris | Santander
82%
Is one of the 3 largest cities in Denmark not located on an island Aalborg | Aarhus | Esbjerg
76%
Is an Indian city ending in '-pur' with more than 2 million people Jaipur | Kanpur | Nagpur
76%
Is located on an island and has hosted the Pan American Games Havana | San Juan | Santo Domingo
75%
Is a capital city located along the Niger river Bamako | Niamey
73%
Is a Brazilian state capital whose names includes the word 'Porto' Porto Alegre | Porto Velho
72%
Is a city in China with over a million people west of the Heihe-Tengchong line Baotou | Hohhot | Ürümqi | Xīníng | Yínchuān
69%
Is a city in the Philippines with over 500 000 people other than Manila Angeles | Bacolod | Cagayan de Oro | Cebu | Davao | Iloilo | Zamboanga
60%
Is among the 40 most populous cities in Russia, but it is not a subdivision capital Balashikha | Magnitogorsk | Naberezhnye Chelny | Novokuznetsk | Sochi | Tolyatti
58%
Is the permanent capital of an Indian union territory Chandigarh | Daman | Kavaratti | New Delhi | Pondicherry | Port Blair
58%
Is the largest on the coast of the Bondensee / Lake Constance in each country that borders it Bregenz | Konstanz | Kreuzlingen
36%
Is located in Southern Europe and has an Eiffel Tower replica Filiatra | Torrejón de Ardoz
3%
No matching quizzes found
Score Distribution
Percent of People with Each Score
Percentile by Number Answered
Your Score History
You have not taken this quiz